000 00408nam a2200157Ia 4500
008 231217s9999 xx 000 0 und d
041 _aEnglish
082 _a621.381952 WAK;1
100 _aWakerly, John F
245 0 _aDigital design: principles and practices
250 _a3rd ed.
260 _c2000
_bNew Jersey : Prentice-Hall,
300 _axxiii+949
650 _aDigital design
942 _cAA
999 _c167623
_d167623